Parts of a Computer - Sudden Death - Statistics

General Stats
  • This quiz has been taken 219 times
  • The average score is 5 of 9
Answers on the Grid
Answers color-coded by a green-red scale on the quiz's grid according to % correct below.
CPU
Cooling Sink
Motherboard
RAM
Optic File Port
TRC
SSD Storage
Terabyte Rotational Center
O-Net cable port
PSU
Audio Processing Unit
BIOS/UEFI Chip
External Heat Drain
NetCam
Graphics Processing Unit
Microphone
Speakers
APU
 
Answer Stats
Answer % Correct
CPU
97%
RAM
68%
Motherboard
65%
SSD Storage
55%
Graphics Processing Unit
49%
PSU
35%
BIOS/UEFI Chip
34%
Speakers
34%
Microphone
26%
No matching quizzes found
Score Distribution
Percent of People with Each Score
Percentile by Number Answered
Your Score History
You have not taken this quiz